Services management : (Record no. 1831)
[ view plain ]
| 000 -LEADER | |
|---|---|
| fixed length control field | 00854nam a2200241 ar4500 |
| 001 - CONTROL NUMBER | |
| control field | 1833 |
| 005 - DATE AND TIME OF LATEST TRANSACTION | |
| control field | 20221127090310.0 |
| 008 - FIXED-LENGTH DATA ELEMENTS--GENERAL INFORMATION | |
| fixed length control field | 100314s xxka 00110|eng d |
| 020 ## - INTERNATIONAL STANDARD BOOK NUMBER | |
| International Standard Book Number | 027367353X(pbk) : |
| Terms of availability | SR219.00 |
| 082 04 - DEWEY DECIMAL CLASSIFICATION NUMBER | |
| Classification number | 338.47 |
| Item number | Se69 2003 |
| 245 00 - TITLE STATEMENT | |
| Title | Services management : |
| Remainder of title | an integrated approach / |
| Statement of responsibility, etc. | edited by Bart Van Looy, P. Gemmel, Roland Van Dierdonck. |
| 250 ## - EDITION STATEMENT | |
| Edition statement | 2nd ed. |
| 260 ## - PUBLICATION, DISTRIBUTION, ETC. | |
| Place of publication, distribution, etc. | Harlow, England ; |
| -- | New York : |
| Name of publisher, distributor, etc. | FT/Prentice Hall, |
| Date of publication, distribution, etc. | 2003. |
| 300 ## - PHYSICAL DESCRIPTION | |
| Extent | xxvi, 529 p. : |
| Other physical details | ill. ; |
| Dimensions | 25 cm. |
| 500 ## - GENERAL NOTE | |
| General note | Prev. ed. : 1998. |
| 504 ## - BIBLIOGRAPHY, ETC. NOTE | |
| Bibliography, etc. note | Includes bibl. references and index. |
| 650 #4 - SUBJECT ADDED ENTRY--TOPICAL TERM | |
| Topical term or geographic name entry element | Service industries |
| General subdivision | Management. |
| 650 #4 - SUBJECT ADDED ENTRY--TOPICAL TERM | |
| Topical term or geographic name entry element | Industrial management. |
| 650 #4 - SUBJECT ADDED ENTRY--TOPICAL TERM | |
| Topical term or geographic name entry element | International economic relations. |
| 700 0# - ADDED ENTRY--PERSONAL NAME | |
| Personal name | Looy, Bart van, |
| Relator term | edtor. |
| 700 0# - ADDED ENTRY--PERSONAL NAME | |
| Personal name | Gemmel, Paul, |
| Relator term | jt. edtor. |
| 700 0# - ADDED ENTRY--PERSONAL NAME | |
| Personal name | Dierdonck, Roland van, |
| Relator term | jt. editor. |
| Withdrawn status | Lost status | Source of classification or shelving scheme | Damaged status | Not for loan | Home library | Current library | Date acquired | Total Checkouts | Full call number | Barcode | Date last seen | Copy number | Price effective from | Koha item type |
|---|---|---|---|---|---|---|---|---|---|---|---|---|---|---|
| 11/27/2022 | 338.47 Se69 2003 | 1000000006293 | 11/27/2022 | C2 | 11/27/2022 | Book | ||||||||
| CENTRAL | CENTRAL | 11/27/2022 | 338.47 Se69 2003 | 1000000005851 | 11/27/2022 | C1 | 11/27/2022 | Book |
